| 000 -LEADER |
| fixed length control field |
00566cam a2200181 a 4500 |
| 020 ## - INTERNATIONAL STANDARD BOOK NUMBER |
| ISBN |
0878662707 |
| 040 ## - CATALOGING SOURCE |
| Transcribing agency |
DLE |
| 082 0# - DEWEY DECIMAL CLASSIFICATION NUMBER |
| Classification number |
620 UNI 2000 A106 Or. |
| 100 1# - MAIN ENTRY--AUTHOR NAME |
| Personal name |
Reyes-Guerra, David R. |
| 245 14 - TITLE STATEMENT |
| Title |
The engineering/high-tech student's handbook : |
| Remainder of title |
preparing for careers of the future / |
| 300 ## - PHYSICAL DESCRIPTION |
| Number of Pages |
120 pages ; |
| Dimensions |
28 cm. |
| 500 ## - GENERAL NOTE |
| General note |
Rev. ed. of: Peterson's guide to undergraduate engineering study. c1981. |
| 650 #0 - SUBJECT ADDED ENTRY--TOPICAL TERM |
| Topical Term |
Engineering |
| 700 1# - ADDED ENTRY--PERSONAL NAME |
| Personal name |
Fischer, Alan M., |
| 700 1# - ADDED ENTRY--PERSONAL NAME |
| Personal name |
Reyes-Guerra, David R. |
| 710 2# - ADDED ENTRY--CORPORATE NAME |
| Corporate name or jurisdiction name as entry element |
Peterson's Guides, Inc. |
| 942 ## - ADDED ENTRY ELEMENTS (KOHA) |
| Koha item type |
សៀវភៅភាសាអង់គ្លេស |
| 952 ## - LOCATION AND ITEM INFORMATION (KOHA) |
| Withdrawn status [LOCAL, KOHA] |
0 |